00402nam a2200157Ia 45000010006000000050017000060080041000230410008000640820016000721000031000882450072001192600009001913000028002006500008002286540008002362053220260306172813.0260306t2008||||xx |||||||||||||| ||spa|| aESP a343.4bC28P aCarpio Marcos, Edgar,eAUT 0aLos precedentes vinculantes del Tribunal Constitucional (2007-2008) c2008 a136 páginas :c24 cm. aGEN aCDE